| 000 | 00561nam a2200205Ia 4500 | ||
|---|---|---|---|
| 008 | 180207s9999 xx 000 0 und d | ||
| 020 | _a9789715180256 | ||
| 050 | _bY514 2002 | ||
| 100 | _aYia, Germaine | ||
| 245 | _aIsang kuwentong gagamba = | ||
| 245 | _bA spider story / | ||
| 245 | _cby Germaine Yia ; illustrated by Liza Flores. | ||
| 250 | _aInternational edition. | ||
| 260 | _aManila, Philippines : | ||
| 260 | _bLampara Publishing House, Inc., | ||
| 260 | _c2002 | ||
| 300 | _aunpaged : | ||
| 300 | _bchiefly colored ; | ||
| 300 | _c22cm. | ||
| 999 |
_c355808 _d355808 |
||